Administrative behaviour: A study of decision making processes in administrative organisations (Record no. 150590)
[ view plain ]
| 000 -LEADER | |
|---|---|
| fixed length control field | 00437nam a2200145Ia 4500 |
| 008 - FIXED-LENGTH DATA ELEMENTS--GENERAL INFORMATION | |
| fixed length control field | 161229s9999 xx 000 0 und d |
| 020 ## - INTERNATIONAL STANDARD BOOK NUMBER | |
| International Standard Book Number | 0684835827 |
| 082 ## - DEWEY DECIMAL CLASSIFICATION NUMBER | |
| Classification number | 658.2 SIM/AD |
| 100 ## - MAIN ENTRY--PERSONAL NAME | |
| Personal name | Herbert A simson, Herbert A |
| 245 ## - TITLE STATEMENT | |
| Title | Administrative behaviour: A study of decision making processes in administrative organisations |
| 250 ## - EDITION STATEMENT | |
| Edition statement | 4th ed. |
| 260 ## - PUBLICATION, DISTRIBUTION, ETC. (IMPRINT) | |
| Name of publisher, distributor, etc. | FP The free press |
| Place of publication, distribution, etc. | New York |
| Date of publication, distribution, etc. | 1945 |
| 300 ## - PHYSICAL DESCRIPTION | |
| Extent | xv,368 |
| 942 ## - ADDED ENTRY ELEMENTS (KOHA) | |
| Koha item type | Books (General) |
| Withdrawn status | Lost status | Damaged status | Not for loan | Home library | Current library | Date acquired | Total Checkouts | Full call number | Barcode | Date last seen | Price effective from | Koha item type | Public note |
|---|---|---|---|---|---|---|---|---|---|---|---|---|---|
| KAU Central Library, Thrissur | KAU Central Library, Thrissur | 29/12/2016 | 658.2 SIM/AD | 901899 | 29/12/2016 | 29/12/2016 | Books (General) | Book transferred from CCBM Library ,Acc.No:8821 |
